000 00425nam a22001697a 4500
003 OSt
005 20211108115720.0
008 211108b |||||||| |||| 00| 0 eng d
020 _a100813810310
040 _cHAWASSA UNIVERSITY
050 _a636.0894/ANI
_b3
082 _a636.0894/ANI
_b3
245 _aANIMAL DISEAE SURVEILLANCE AND SURVEY SYSTEMS
260 _bBLACKWELL
_c2003
300 _a222
942 _2ddc
_cBOOKS
_n0
999 _c17135
_d17135